| 000 -CABECERA |
| Longitud fija campo de control |
00884nam a22002177a 4500 |
| 003 - IDENTIFICADOR DEL NÚMERO DE CONTROL |
| Identificador del número de control |
OSt |
| 005 - FECHA Y HORA DE LA ÚLTIMA TRANSACCIÓN |
| Fecha y hora de la última transacción |
20171127171739.0 |
| 008 - CÓDIGOS DE INFORMACIÓN DE LONGITUD FIJA |
| Códigos de información de longitud fija |
171127t2017 xxu|||||||||| 0|0 | spa|d |
| 020 ## - NÚMERO INTERNACIONAL NORMALIZADO PARA LIBROS |
| Número Internacional Normalizado para Libros (ISBN) |
9781544822792 |
| 040 ## - FUENTE DE LA CATALOGACIÓN |
| Centro catalogador de origen |
ES-BaUIC |
| Lengua de catalogación |
cat |
| Centro transcriptor |
CDMR |
| 100 1# - PUNTO DE ACCESO PRINCIPAL-NOMBRE DE PERSONA |
| Nombre de persona |
Nafría, Ismael |
| 9 (RLIN) |
3255 |
| Fechas asociadas al nombre |
1968- |
| 245 13 - MENCIÓN DE TÍTULO |
| Título |
La reinvención de The New York Times |
| Mención de responsabilidad, etc. |
/ Ismael Nafría |
| 260 ## - PUBLICACIÓN, DISTRIBUCIÓN, ETC. (PIE DE IMPRENTA) |
| Lugar de publicación, distribución, etc. |
[Lloc de publicació no identificat] : |
| Nombre del editor, distribuidor, etc. |
CreateSpace, An Amazon.com |
| Fecha de publicación, distribución, etc. |
2017 |
| 300 ## - DESCRIPCIÓN FÍSICA |
| Extensión |
X, 467 pàgines : |
| Otras características físicas |
il·lustracions; |
| Dimensiones |
25 cm |
| 500 ## - NOTA GENERAL |
| Nota general |
"Este libro ha sido posible gracias al apoyo del Centro Knight para el Periodismo en las Américas de la Universidad de Texas en Austin" |
| 500 ## - NOTA GENERAL |
| Nota general |
Dedicatòria de l'autor |
| 610 24 - PUNTO DE ACCESO ADICIONAL DE MATERIA - NOMBRE DE ENTIDAD CORPORATIVA |
| Nombre de entidad corporativa o nombre de jurisdicción como elemento inicial |
New York Times (Diari) |
| Sede del congreso |
(Diari) |
| 9 (RLIN) |
4099 |
| 650 07 - PUNTO DE ACCESO ADICIONAL DE MATERIA - TÉRMINO DE MATERIA |
| Término de materia o nombre geográfico como elemento inicial |
Premsa |
| Subdivisión geográfica |
Estats Units d'Amèrica |
| Fuente del encabezamiento o término |
lemac |
| 9 (RLIN) |
257 |
| 650 #7 - PUNTO DE ACCESO ADICIONAL DE MATERIA - TÉRMINO DE MATERIA |
| Término de materia o nombre geográfico como elemento inicial |
Diaris nord-americans |
| Subdivisión de materia general |
Innovacions tecnològiques |
| Fuente del encabezamiento o término |
lemac |
| 942 ## - ENTRADA DE ELEMENTOS AGREGADOS (KOHA) |
| Koha [por defecto] tipo de item |
Monografies |